| 000 | 00618nam a2200241Ia 4500 | ||
|---|---|---|---|
| 003 | OSt | ||
| 005 | 20230922135654.0 | ||
| 008 | 210210b1904 xxu||||| |||| 00| 0 eng d | ||
| 040 | _cAL | ||
| 041 | _aeng | ||
| 082 | _a425/204 | ||
| 100 |
_aNesfield (J C) _9134580 |
||
| 245 | _aManual of grammar and composition | ||
| 260 |
_aLondon _bThe Macmillan Company of India Limited _c1904 |
||
| 650 |
_aof _9134581 |
||
| 650 |
_aManual _9134582 |
||
| 650 |
_agrammar _9134583 |
||
| 650 |
_acomposition _9134584 |
||
| 650 |
_aand _9134585 |
||
| 690 |
_aEnglish Grammar _9134586 |
||
| 906 | _a005980 | ||
| 942 |
_2ddc _cBK |
||
| 999 |
_c129039 _d129039 |
||